000
00319nam a2200121Ia 4500
008
241028s9999 xx 000 0 und d
041
_a
eng
082
_a
382 STE
100
_a
Evelyn Stewart
245
_a
Handbook Of International Trade
260
_b
Murphy & Moore Publishing
_a
New York
_c
2021
300
_a
231;.P. 25 cm
999
_c
42768
_d
42768